000 00315 a2200157 4500
001 177397
020 _a
040 _cMagnum
100 _aBraido, Selma
240 1 0 _aO peixe encantado
_lpor
245 1 0 _aO peixe encantado
362 0 _a1899
440 1 _aFTD
697 _aMAGNITO: I/ANIMAIS
942 _cBK
999 _c177397
_d177397